02318nam a2200121 4500008001000000082001500010100003400025245001200059260006000071300002700131505193700158650010102095707 F981s a707bF981s aSOMA / Fundación Alumnos 47 aSe come aCiudad de MéxicobSOMA / Fundación Alumnos 47c2018 a61 p.billc20 x 13 cm t1. La inscripciónrSofía garfíast2. Ir en contra y no rArmando Rosalest3. Después del azul viene el rojo y luego el azulrMarco Esparzat4_5. ¿es como pensar en el futuro?rIrak Morales t6. Lo único que pude escupir fue un balbuceo rIrak Morales t7. Sujeto barrado rMadeline Jiménez t8. Cuerpo Geométrico rMadeline Jiménez t9_10. A-u-t-o-r-e-t-r-a-t-orMinia Bibiany t11_12. LibretasrSara Garcíat13_14. Bio-metríarSofía Garfiast15. Autorretrato (foto latino)rKarla Leyvat16. Retrato con parejarOlmo Acuñat17_18. Fui a buscar que quisieran paparazzearme a cambio de dinerorNicolás Astorgat20. Primera vueltarArmando Rosalest22. Odio al imperio 1rJavier Barriost23. Odio al imperio 2rJavier Barriost25_26. Vista PanorámicarOlmo Acuñat27_28. HerradurarTatyana Zambranot30. S/TrElsa-Louise Manceauxt31. S/TrElsa-Louise Manceauxt33_34. De la serie anomalías rSofía Garfiast35. Vete más lejos AliciarMadeline Jiménezt37. Líder negativorNicolás Astorgat38. A line made by sleepingrArmando Rosalest39. El beso de JudasrKarla Leyvat40. Veterano KissrMarco Esparza t41. IndexrMarco Esparza t43. Más y más menores de 6 años están usando el IphonerElsa-Louise Marceauxt44. El aparentarlo me va a permitir serlo 1rNicolás Astorga t45. Rasta YisusrJavier Barriost46. Mecedora de bananosrTatyana Zambrano t47_48. LIDL ReisenrOlmo Acuñat49_50. S/TrSara Garcíat51. El aparentarlo me va a permitir serlo 2rNicolás Astorgat52. Rescatan migrantes cubanos de Yucatán rElsa-Louise Marceauxt53. 01001101 01000001rMadeline Jiménezt54. Coordenadas estelares desde mi casa ¨Star chart app¨rTatyana Zambrano t55. S/TrNicolás Astorgat56. CaférJavier Barrios t57. El centro de la no-imagen rElsa-Luoise Marceauxt58. S/TrSara Garcíat60. ExoticocoitexitrMinia Bibiany t61_62. Sobre lo espontáneo rIrak Morales xarte contemporáneoxarte - educaciónxarte - tallerxarte - investigaciónxarte - estudio